Entrepreneurship and local economic development programme and policy recommendations
Enregistré dans:
| Format: | Livre |
|---|---|
| Langue: | anglais |
| Publié: |
Paris
OECD
2003
|
| Sujets: | |
| Tags: |
Pas de tags, Soyez le premier à ajouter un tag!
|
MARC
| LEADER | 00000nam a2200000 4500 | ||
|---|---|---|---|
| 001 | c143158 | ||
| 005 | 20221124084726.6 | ||
| 020 | |a 92-64-19978-0 | ||
| 041 | 0 | |a eng | |
| 044 | |a FR | ||
| 245 | 1 | 0 | |a Entrepreneurship and local economic development |b programme and policy recommendations |
| 264 | 1 | |a Paris |b OECD |c 2003 | |
| 300 | |a 238 s. | ||
| 610 | 2 | 0 | |a podnikanie |
| 610 | 2 | 0 | |a podnikanie malé |
| 610 | 2 | 0 | |a rozvoj hospodársky |
| 610 | 2 | 0 | |a stratégia podniková |
| 610 | 2 | 0 | |a financie |
| 610 | 2 | 0 | |a programy rozvojové |
| 610 | 2 | 0 | |a podpora podnikania |
| 610 | 2 | 0 | |a hospodárstvo miestne |
| 610 | 2 | 0 | |a hospodárstvo národné |
| 610 | 2 | 0 | |a svet |
| 610 | 2 | 0 | |a OECD |